书目信息 |
| 题名: |
水射流技术及工程应用
|
|
| 作者: | 雷玉勇 , 陶显中 著 | |
| 分册: | ||
| 出版信息: | 北京 化学工业出版社 2017 |
|
| 页数: | 315页 | |
| 开本: | 26cm | |
| 丛书名: | ||
| 单 册: | ||
| 中图分类: | TP601 | |
| 科图分类: | ||
| 主题词: | 液体射流--射流技术--研究 | |
| 电子资源: | ||
| ISBN: | 978-7-122-28360-3 | |
| 000 | 01638nam0 2200229 450 | |
| 001 | 2240971010 | |
| 005 | 20220930112311.51 | |
| 010 | @a978-7-122-28360-3@dCNY98.00 | |
| 100 | @a20170802d2017 em y0chiy50 ea | |
| 101 | 0 | @achi |
| 102 | @aCN@b110000 | |
| 105 | @aa z 000yy | |
| 200 | 1 | @a水射流技术及工程应用@9shui she liu ji shu ji gong cheng ying yong@f雷玉勇, 陶显中著 |
| 210 | @a北京@c化学工业出版社@d2017 | |
| 215 | @a315页@c图@d26cm | |
| 330 | @a本书对水射流技术的理论及其在机械工程中的应用做了较全面的论述。全书共分8章,第1章水射流技术概论,主要讲述水射流技术原理、水射流技术发展历程、国内外研究动态以及水射流技术的应用;第2章讲述纯水射流技术理论基础、系统组成、水射流结构特征与基本参数、水射流打击力模型和水射流冲击破坏理论;第3章讲述水射流打击力增强技术,包括减阻液水射流、空化水射流、脉冲水射流、磨料水射流等技术;第4章涉及磨料水射流切割技术,包括磨料水射流切割的一般特征、磨料水射流切割过程中的温度分布、磨料水射流切割工艺参数、磨料水射流切割理论等;第5章涉及磨料水射流精密切割控制技术,包括磨料水射流精密切割表面质量控制技术、磨料水射流精密切割几何精度控制、磨料水射流精密切割的运动控制和磨料水射流精密切割的优化处理技术等;第6章涉及磨料水射流精密特种加工技术,包括磨料水射流精密切割厚材料、磨料水射流精密钻孔加工、四轴联动精密切割加工异形零件、磨料水射流车削加工、磨料水射流铣削加工、磨料水射流超精密磨削加工和磨料水射流抛光技术等;第7章介绍了水射流技术在机械工程中的典型和创新应用;第8章介绍了水射流技术在军工和国防领域的应用。 | |
| 606 | 0 | @a液体射流@x射流技术@x研究 |
| 690 | @aTP601@v5 | |
| 701 | 0 | @a雷玉勇@9lei yu yong@4著 |
| 701 | 0 | @a陶显中@9tao xian zhong@4著 |
| 801 | 0 | @aCN@b91MARC@c20170802 |
| 905 | @aZUCC@dTP601@e1 | |
| 水射流技术及工程应用/雷玉勇, 陶显中著.-北京:化学工业出版社,2017 |
| 315页:图;26cm |
| ISBN 978-7-122-28360-3:CNY98.00 |
| 本书对水射流技术的理论及其在机械工程中的应用做了较全面的论述。全书共分8章,第1章水射流技术概论,主要讲述水射流技术原理、水射流技术发展历程、国内外研究动态以及水射流技术的应用;第2章讲述纯水射流技术理论基础、系统组成、水射流结构特征与基本参数、水射流打击力模型和水射流冲击破坏理论;第3章讲述水射流打击力增强技术,包括减阻液水射流、空化水射流、脉冲水射流、磨料水射流等技术;第4章涉及磨料水射流切割技术,包括磨料水射流切割的一般特征、磨料水射流切割过程中的温度分布、磨料水射流切割工艺参数、磨料水射流切割理论等;第5章涉及磨料水射流精密切割控制技术,包括磨料水射流精密切割表面质量控制技术、磨料水射流精密切割几何精度控制、磨料水射流精密切割的运动控制和磨料水射流精密切割的优化处理技术等;第6章涉及磨料水射流精密特种加工技术,包括磨料水射流精密切割厚材料、磨料水射流精密钻孔加工、四轴联动精密切割加工异形零件、磨料水射流车削加工、磨料水射流铣削加工、磨料水射流超精密磨削加工和磨料水射流抛光技术等;第7章介绍了水射流技术在机械工程中的典型和创新应用;第8章介绍了水射流技术在军工和国防领域的应用。 |
| ● |
| 相关链接 |
|
|
|
正题名:水射流技术及工程应用
索取号:TP601/1
 
预约/预借
| 序号 | 登录号 | 条形码 | 馆藏地/架位号 | 状态 | 备注 |
| 1 | 2000908186 | 2000908186 | 第三书库/ [索取号:TP601/1] | 在馆 | |
| 2 | 2000908187 | 2000908187 | 第三书库/ [索取号:TP601/1] | 在馆 | |
| 3 | 2000908188 | 2000908188 | 第三书库/ [索取号:TP601/1] | 在馆 |